Countries By Company - Statistics

General Stats
  • This quiz has been taken 38 times
  • The average score is 11 of 12
Answer Stats
Picture Answer % Correct
Germany
100%
Italy
100%
United States of America
100%
Japan
97%
Canada
94%
Denmark
94%
South Korea
94%
France
89%
Sweden
86%
Switzerland
83%
Netherlands
81%
United Kingdom
78%
No matching quizzes found
Score Distribution
Percent of People with Each Score
Percentile by Number Answered
Your Score History
You have not taken this quiz